LEADER 00983cam0 2200265 450 001 E600200068027 005 20200715112905.0 100 $a20101027d1985 |||||ita|0103 ba 101 $aeng 102 $aNL 200 1 $a<>Paris Lectures$fEdmund Husserl$gTranslation and Introduction by Peter Koestenbaum$gAppendix: General Summary os the Paris Lectures translated by Steven J. Bartlett 210 $aDordrecht$cNijhoff$d1985 215 $aLXXVII, 58 p.$d22 cm 700 1$aHusserl$b, Edmund$3AF00004903$4070$035554 702 1$aKoestenbaum, Peter$3A600200062967$4070 702 1$aBartlett, Steven J.$3A600200062968$4070 801 0$aIT$bUNISOB$c20200715$gRICA 850 $aUNISOB 852 $aUNISOB$j100$m53348 912 $aE600200068027 940 $aM 102 Monografia moderna SBN 941 $aM 957 $a100$b004539$gSi$d53348$racquisto$1massimo$2UNISOB$3UNISOB$420101027130318.0$520200715112848.0$6Alfano 996 $aParis lectures$91700451 997 $aUNISOB LEADER 01086nam a2200253 i 4500 001 991004380430107536 005 20250509173643.0 008 250509s1970 ne er 001 0 fre d 040 $aBibl. Dip.le Aggr. Studi Umanistici - Sez. Filosofia$bita$cSocioculturale Scs 041 0 $afre 082 04$a271.97502$223 100 1 $aJulien-Eymard :$cd'Angers $0556348 245 12$aL'humanisme chrétien au XVIIe siècle:$bSt. François de Sales et Yves de Paris /$cJulien-Eymard D'Angers 246 13$aL'humanisme chrétien au dix-septième siècle 260 $aLe Haye :$bNijhoff,$c1970 300 $aXXII, 194 p. ;$c24 cm 490 1 $aArchives internationales d'histoire des idées = International archives of the history of ideas ;$v31 600 14$aFrancesco :$cdi Sales 600 14$aYves :$cde Paris 650 4$aCristianesimo$ySec. 17. 830 0$aArchives internationales d'histoire des idées = International archives of the history of ideas ;$v31 912 $a991004380430107536 996 $aHumanisme chrétien au XVIIe siècle$94378540 997 $aUNISALENTO